Molecular systematics of Tetraplasandra, Munroidendron and Reynoldsia sandwicensis (<Araliaceae>) and the evolution of superior ovaries in Tetraplasandra (Registro nro. 11828)

Detalles MARC
000 -CABECERA
Campo de control 005940000a22001690004500
090 ## - CLASIFICACIÓN LOCAL
Colección AR
Consecutivo 02767
041 0# - IDIOMA
Código de idioma para texto/pista de sonido o título separado
100 1# - ASIENTO PRINCIPAL--NOMBRE PERSONAL
Nombre personal Costello, A.
245 10 - MENCION DE TITULO
Título Molecular systematics of Tetraplasandra, Munroidendron and Reynoldsia sandwicensis (<Araliaceae>) and the evolution of superior ovaries in Tetraplasandra
650 14 - ASIENTO SECUNDARIO DE MATERIA - TERMINO TEMATICO
Término temático o nombre geográfico como elemento de entrada Biología molecular
650 14 - ASIENTO SECUNDARIO DE MATERIA - TERMINO TEMATICO
Término temático o nombre geográfico como elemento de entrada Sistemática molecular
650 14 - ASIENTO SECUNDARIO DE MATERIA - TERMINO TEMATICO
Término temático o nombre geográfico como elemento de entrada Análisis genético
650 14 - ASIENTO SECUNDARIO DE MATERIA - TERMINO TEMATICO
Término temático o nombre geográfico como elemento de entrada Plantas
700 1# - ASIENTO SECUNDARIO - NOMBRE PERSONAL
Nombre personal Motley, T. J.
773 1# - Item fuente:
Título Edinb. J. Bot.
Especificación de materiales 1313
Descripción física 2
Paginas del Articulo 229-242
Lugar, editorial y fecha de publicación 2001
Información sobre la relación 58
942 ## - ELEMENTOS ADICIONALES (KOHA)
Tipo de ítem Artículo
Existencias
Withdrawn status Lost status Damaged status No para préstamo Colección Ubicación Permanente Ubicación actual Fecha de adquisición Fuente de Valor Datos de publicación Seriada Total Checkouts Número topográfico Inventario / Código de Barras Date last seen Ejemplar Price effective from Forma de adquisición Tipo de material
      No para Préstamo Hemeroteca Bogotá Bogotá 27/02/2015 Armenteras, Dolors Fuera de circulación   AR 02767 013179 25/03/2015 1 25/03/2015   Artículo